IMF Survey : Volume 29, Issue 15.

The leaders of the Group of Seven and Group of Eight countries held summit meetings in Okinawa, Japan, on July 21-23. Two statements were issued at the meetings: the first, on July 21, by the leaders of the Group of Seven countries, comprising Canada, France, Germany, Italy, Japan, the United Kingdo...

全面介紹

書目詳細資料
企業作者: International Monetary Fund. External Relations Dept
格式: 雜誌
語言:English
出版: Washington, D.C. : International Monetary Fund, 2000.
叢編:IMF Survey; IMF Survey ; No. 0029/015
在線閱讀:Full text available on IMF
LEADER 01566cas a2200241 a 4500
001 AALejournalIMF010381
008 230101c9999 xx r poo 0 0eng d
020 |c 5.00 USD 
020 |z 9781451929744 
022 |a 0047-083X 
040 |a BD-DhAAL  |c BD-DhAAL 
110 2 |a International Monetary Fund.  |b External Relations Dept. 
245 1 0 |a IMF Survey :   |b Volume 29, Issue 15. 
264 1 |a Washington, D.C. :  |b International Monetary Fund,  |c 2000. 
300 |a 1 online resource (16 pages) 
490 1 |a IMF Survey 
500 |a <strong>Off-Campus Access:</strong> No User ID or Password Required 
500 |a <strong>On-Campus Access:</strong> No User ID or Password Required 
506 |a Electronic access restricted to authorized BRAC University faculty, staff and students 
520 3 |a The leaders of the Group of Seven and Group of Eight countries held summit meetings in Okinawa, Japan, on July 21-23. Two statements were issued at the meetings: the first, on July 21, by the leaders of the Group of Seven countries, comprising Canada, France, Germany, Italy, Japan, the United Kingdom, and the United States; and the second, on July 23, by the leaders of the Group of Eight countries (Group of Seven plus Russia). Excerpts from the statement of the Group of Seven follow (see page 245 for an excerpt from the Group of Eight statement). 
538 |a Mode of access: Internet 
830 0 |a IMF Survey; IMF Survey ;  |v No. 0029/015 
856 4 0 |z Full text available on IMF  |u http://elibrary.imf.org/view/journals/023/0029/015/023.0029.issue-015-en.xml  |z IMF e-Library